书目信息 |
| 题名: |
氾胜之书辑释
|
|
| 作者: | 万国鼎 辑释 | |
| 分册: | ||
| 出版信息: | 北京 农业出版社 1980 |
|
| 页数: | 172页 | |
| 开本: | 19cm | |
| 丛书名: | ||
| 单 册: | ||
| 中图分类: | S-092.34 | |
| 科图分类: | ||
| 主题词: | 农学--中国--两汉汉代 | |
| 电子资源: | ||
| ISBN: | 16144.1347 | |
| 000 | 00618nam0 2200229 450 | |
| 001 | 0180008822 | |
| 005 | 20100712215852.0 | |
| 010 | @a16144.1347@dCNY0.58 | |
| 091 | @a16144.1347 | |
| 100 | @a19950516d1980 emky0chiy0110 ea | |
| 101 | 0 | @achi |
| 102 | @aCN@b110000 | |
| 105 | @ay z 000yy | |
| 106 | @ar | |
| 200 | 1 | @a氾胜之书辑释@9fan Sheng Zhi Shu Ji Shi @f万国鼎辑释 |
| 210 | @a北京@c农业出版社@d1980 | |
| 215 | @a172页@d19cm | |
| 606 | 0 | @a农学@y中国@z两汉汉代 |
| 690 | @aS-092.34@v3 | |
| 701 | 0 | @a万国鼎@9wan guo ding@f(1897~1963)@4辑释 |
| 801 | 0 | @aCN@bAzMarc@c20130904 |
| 905 | @aBZT@dS@e55@f1@sS/55 | |
| 氾胜之书辑释/万国鼎辑释.-北京:农业出版社,1980 |
| 172页;19cm |
| ISBN 16144.1347:CNY0.58 |
| ● |
| 相关链接 |
|
|
|
正题名:氾胜之书辑释
索取号:S/55
 
预约/预借
| 序号 | 登录号 | 条形码 | 馆藏地/架位号 | 状态 | 备注 |
| 1 | 2000120104 | 2000120104 | 旧书回溯/ [索取号:S/55] | 在馆 |